| 000 | 00513nam a22001817a 4500 | ||
|---|---|---|---|
| 005 | 20260604113305.0 | ||
| 008 | 260604b |||||||| |||| 00| 0 eng d | ||
| 020 |
_a9780415657884 _c2995.00 |
||
| 040 | _aMAIN | ||
| 041 | _aEnglish | ||
| 082 |
_a658.80025 _bBAN |
||
| 100 |
_aBanasiewicz, Andrew D. _927009 |
||
| 245 |
_aMarketing Database Analytics _b: Transforming Data for Competitive Advantage |
||
| 260 |
_aLondon _bRoutledge _c2013 |
||
| 300 | _a376 | ||
| 650 |
_aCommerce (PM USHA) _926705 |
||
| 942 | _cBK | ||
| 999 |
_c60991 _d60991 |
||